Most Populous US State Capitals - Statistics

General Stats
  • This quiz has been taken 45 times
  • The average score is 16 of 20
Answer Stats
Population State Capital % Correct
1,703,080 Phoenix
97%
988,218 Austin
95%
710,195 Boston
95%
521,769 Sacramento
92%
734,134 Denver
89%
922,223 Columbus
87%
481,958 Raleigh
87%
875,929 Indianapolis
84%
523,738 Atlanta
82%
655,407 Oklahoma City
79%
217,891 Des Moines
74%
673,167 Nashville
74%
213,367 Salt Lake City
74%
342,933 Honolulu
71%
232,055 Richmond
71%
307,695 St. Paul
68%
234,576 Boise
66%
264,030 Madison
66%
216,701 Baton Rouge
61%
293,905 Lincoln
55%
No matching quizzes found
Score Distribution
Percent of People with Each Score
Percentile by Number Answered
Your Score History
You have not taken this quiz